000 01058nam a2200265 4500
001 26768
003 BD-RjUL
005 20211209051050.0
008 140323s1969 ii b 001 0 eng
035 _a(BD-RjUL)26839
040 _aDLC
_cDLC
_dBD-RjUL
_beng
041 _aeng
082 0 0 _a954.2
_bMAB 1969
100 1 _aMasih Uddin Khan, Mohammad
_d1804-
_982262
245 1 0 _aBritish aggression in Avadh :
_bbeing the treatise of M. Mohammad Masih Uddin Khan Bahadur entitled, Oude, its princes, and its government vindicated /
_cMohammad Masih Uddin Khan, printed by John Davy & Sons, London, in 1857 and suppressed by the British government. Edited with an introd. by Safi Ahmad. With a foreword by Mohammad Habib.
260 _aMeerut :
_bMeenakshi Prakashan,
_cc1969.
300 _axv, 179 p. ;
_c23 cm.
504 _aInclude bibliography and index.
651 0 _aOudh (India)
_xHistory.
_982263
700 1 _a Ahmad, Safi
_eed.
_982264
700 1 _aHabib, Mohammad
_982265
942 _2ddc
_cBK
999 _c26768
_d26768